Cyclisme : Top 20 de L'Amstel Gold Race 2024 - Statistiques

Statistiques générales
  • Ce quiz a été pris 23 fois
  • Le résultat moyen est 8 sur 20
Statistiques - réponses
Position Equipe Coureur % Correct
1er Ineos Grenadier Thomas Pidcock
89%
6eme Groupama FDJ Valentin Madouas
74%
5eme Decathlon Ag2r La Mondiale Paul Lapeira
68%
12eme Groupama FDJ Romain Gregoire
68%
3eme Visma Lease a Bike Tiesj Benoot
68%
2eme UAE Team Emirates Marc Hirschi
58%
8eme Groupama FDJ Quentin Pacher
53%
16eme Decathlon Ag2r La Mondiale Benoit Cosnefroy
47%
4eme Soudal Quick Step Mauri Vansevenant
47%
17eme Lidl Trek Mattias Skjelmose
42%
10eme Jayco AlUla Michael Matthews
42%
20eme Lotto Dstny Maxim Van Gils
37%
7eme Lidl Trek Bauke Mollema
26%
9eme Bahrain Victorious Pello Bilbao
26%
18eme Astana Qazaqstan Team Simone Velasco
21%
15eme Israel Premier Tech Dylan Teuns
16%
19eme Intermarché Wanty Lorenzo Rota
16%
11eme EF Education Easypost Marijn Van Den Berg
16%
14eme BORA Hansgrohe Roger Adria
11%
13eme Intermarché Wanty Vito Braet
11%
Aucun quiz correspondant
Distribution des résultats
% des personnes avec chaque résultat
Percentile par nombre de réponses
Votre historique - résultats
Vous n’avez pas pris ce quiz